[Event "Quebec op U1700"]
[Site "Montreal CAN"]
[Date "2016.07.26"]
[Round "5.20"]
[White "Tremblay, Mario"]
[Black "Page, Dany"]
[Result "1-0"]
[WhiteElo "1631"]
[BlackElo "1291"]
[PlyCount "73"]
[EventDate "2016.07.23"]
[EventType "swiss"]
[EventRounds "8"]
[EventCountry "CAN"]

1. e4 c5 2. c3 d5 3. exd5 Qxd5 4. d4 cxd4 5. cxd4 Nc6 6. Nf3 Nf6 7. Be2 e6 8.
O-O Be7 9. Nc3 Qd8 10. Bd3 O-O 11. Be3 a6 12. a3 Qe8 13. Bc2 b5 14. Qd3 g6 15.
Bh6 Bb7 16. Bxf8 Bxf8 17. b4 Bg7 18. Rfe1 Rd8 19. Rad1 Ne7 20. Bb3 Ned5 21.
Nxd5 Nxd5 22. Bxd5 Bxd5 23. Ne5 f6 24. Ng4 Qc6 25. Rc1 Qd7 26. Ne3 Bb7 27. Qc3
Rc8 28. Qb3 Re8 29. Red1 f5 30. d5 e5 31. d6+ Kh8 32. Rc7 Qd8 33. Rxb7 f4 34.
Qf7 Rg8 35. Ng4 Qg5 36. d7 h5 37. d8=Q 1-0

[Event "Quebec op U1700"]
[Site "Montreal CAN"]
[Date "2016.07.26"]
[Round "5.21"]
[White "Shahabi, Shahab"]
[Black "Chang, Alexander"]
[Result "1-0"]
[WhiteElo "1516"]
[BlackElo "1396"]
[PlyCount "83"]
[EventDate "2016.07.23"]
[EventType "swiss"]
[EventRounds "8"]
[EventCountry "CAN"]

1. e4 e5 2. Nf3 Nc6 3. Bc4 Bc5 4. O-O Nf6 5. Nc3 O-O 6. d3 h6 7. a3 a6 8. Be3
Bxe3 9. fxe3 Re8 10. Qe1 d6 11. d4 Bg4 12. Ne2 exd4 13. exd4 Rxe4 14. c3 Qe8
15. Qf2 d5 16. Bd3 Re7 17. Rae1 Qd7 18. Ng3 Rae8 19. Rxe7 Rxe7 20. Re1 Rxe1+
21. Nxe1 Nh5 22. Bf5 Bxf5 23. Nxf5 Ne7 24. Nxe7+ Qxe7 25. Nd3 Qe4 26. Qf3 Qxf3
27. gxf3 b6 28. Nb4 Nf4 29. Nxa6 Ne6 30. Nb4 Nf4 31. Kf2 c5 32. dxc5 bxc5 33.
Na6 Nd3+ 34. Ke2 Nc1+ 35. Ke3 Nb3 36. Nc7 d4+ 37. cxd4 cxd4+ 38. Kd3 Kf8 39.
Nb5 Ke7 40. Nxd4 Nxd4 41. Kxd4 Kd6 42. a4 1-0

[Event "Quebec op U1700"]
[Site "Montreal CAN"]
[Date "2016.07.26"]
[Round "5.22"]
[White "Bond, Yvon"]
[Black "Chira, Dan"]
[Result "0-1"]
[WhiteElo "1343"]
[BlackElo "1447"]
[PlyCount "80"]
[EventDate "2016.07.23"]
[EventType "swiss"]
[EventRounds "8"]
[EventCountry "CAN"]

1. d4 d5 2. Nf3 Nf6 3. e3 g6 4. c4 Bg7 5. Nbd2 O-O 6. Bd3 c6 7. O-O Bg4 8. Qc2
Na6 9. a3 Nc7 10. b3 a6 11. Bb2 Rc8 12. Rfe1 Na8 13. Ne5 Be6 14. c5 Ng4 15. f4
Nh6 16. Rad1 Nc7 17. b4 Qe8 18. Rf1 Nf5 19. Rde1 f6 20. Nef3 Qd7 21. Re2 Nh6
22. Nh4 Nf5 23. Nhf3 Nh6 24. e4 dxe4 25. Bxe4 Bf5 26. Rfe1 Bxe4 27. Rxe4 Nd5
28. Qc4 Kh8 29. Qc2 Rce8 30. Nc4 Ng8 31. Ne3 f5 32. Ne5 Qc8 33. Nxd5 fxe4 34.
Nb6 Qf5 35. Nbd7 Nf6 36. Nxf8 Rxf8 37. Qc4 Nd5 38. Qe2 Qxf4 39. Bc1 Qf5 40.
Qxe4 Qf2+ 0-1

[Event "Quebec op U1700"]
[Site "Montreal CAN"]
[Date "2016.07.26"]
[Round "5.23"]
[White "Pellerin-Leclerc, Jonathan"]
[Black "Dion, Yves"]
[Result "0-1"]
[WhiteElo "1339"]
[BlackElo "1431"]
[PlyCount "126"]
[EventDate "2016.07.23"]
[EventType "swiss"]
[EventRounds "8"]
[EventCountry "CAN"]

1. e4 c5 2. Nf3 Nc6 3. d4 cxd4 4. Nxd4 Nf6 5. Nc3 d6 6. Be3 e5 7. Nf3 a6 8. Be2
Be7 9. O-O O-O 10. Nd2 Be6 11. Bc4 Qd7 12. Bxe6 Qxe6 13. Na4 b5 14. Nb6 Rab8
15. f4 exf4 16. Rxf4 Bd8 17. Rxf6 Bxf6 18. Nd5 Bxb2 19. Rb1 Be5 20. Nf3 Rb7 21.
Nxe5 dxe5 22. Qf3 Rd7 23. Rf1 Ne7 24. Nxe7+ Qxe7 25. Qf5 Rc7 26. Rf3 Qe6 27.
Qh5 Qg6 28. Qxe5 Rxc2 29. Rg3 f6 30. Qe6+ Qf7 31. Qxa6 Qxa2 32. Qxb5 Qa1+ 33.
Qf1 Qxf1+ 34. Kxf1 Re8 35. Bh6 g6 36. Rd3 Ra8 37. Rd1 Rac8 38. h4 Re8 39. Rd4
Kf7 40. Rd7+ Re7 41. Rd4 Rb7 42. Kg1 Ke6 43. Bf4 Rd7 44. Rb4 h5 45. Kh2 Rc6 46.
Ra4 f5 47. exf5+ gxf5 48. Bg5 Kd5 49. Kg3 Rc4 50. Ra5+ Ke4 51. Kh2 f4 52. Ra2
Rd3 53. Re2+ Re3 54. Rd2 Kf5 55. Kg1 Rce4 56. Kf2 Rg3 57. Bd8 Rge3 58. Bg5 Kg4
59. Rc2 Ra3 60. Rd2 Rea4 61. Rd5 Ra2+ 62. Kf1 Ra1+ 63. Kf2 R4a2+ 0-1

[Event "Quebec op U1700"]
[Site "Montreal CAN"]
[Date "2016.07.27"]
[Round "6.48"]
[White "Plante, Marc-Eric"]
[Black "Morin, Maxime"]
[Result "0-1"]
[WhiteElo "1633"]
[BlackElo "1583"]
[PlyCount "76"]
[EventDate "2016.07.23"]
[EventType "swiss"]
[EventRounds "8"]
[EventCountry "CAN"]

1. e4 c5 2. Nf3 Nc6 3. d4 cxd4 4. Nxd4 g6 5. c4 Bg7 6. Be3 e6 7. Nc3 Nge7 8.
Be2 O-O 9. O-O d5 10. Nxc6 bxc6 11. Bc5 d4 12. Na4 e5 13. b3 Be6 14. Nb2 Re8
15. Nd3 f5 16. f3 g5 17. g4 fxe4 18. fxe4 Ng6 19. Qd2 h6 20. Rad1 Qd7 21. h3
Bf8 22. Bxf8 Rxf8 23. Nc5 Qe7 24. Nxe6 Qxe6 25. c5 Kg7 26. Bc4 Qe7 27. b4 Nf4
28. Kh2 a5 29. Rb1 axb4 30. Qxb4 Rfb8 31. Qxb8 Rxb8 32. Rxb8 Qxc5 33. Rb7+ Kf6
34. Bb3 Qc3 35. Rxf4+ gxf4 36. Rf7+ Kg6 37. Rf8 Qg3+ 38. Kh1 f3 0-1

[Event "Quebec op U1700"]
[Site "Montreal CAN"]
[Date "2016.07.27"]
[Round "6.50"]
[White "Zhong, Kevin"]
[Black "Lesage, Philippe"]
[Result "1/2-1/2"]
[WhiteElo "1519"]
[BlackElo "1689"]
[PlyCount "51"]
[EventDate "2016.07.23"]
[EventType "swiss"]
[EventRounds "8"]
[EventCountry "CAN"]

1. e4 c5 2. Ne2 g6 3. d4 cxd4 4. Nxd4 Nc6 5. c4 Bg7 6. Be3 Nh6 7. Nc3 O-O 8.
Be2 f5 9. exf5 Nxf5 10. Nxf5 Rxf5 11. Rc1 d6 12. Qd2 Bd7 13. O-O b6 14. Bf3
Rxf3 15. gxf3 Ne5 16. Qe2 Qf8 17. f4 Ng4 18. f3 Nxe3 19. Qxe3 Bh6 20. Ne2 e5
21. Qe4 Re8 22. Rcd1 exf4 23. Qd5+ Be6 24. Qd3 Bf5 25. Qd5+ Be6 26. Qd3 1/2-1/2

[Event "Quebec op U1700"]
[Site "Montreal CAN"]
[Date "2016.07.27"]
[Round "6.51"]
[White "Turgeon, Yoakim"]
[Black "Kartobi, Youcef"]
[Result "1-0"]
[WhiteElo "1675"]
[BlackElo "1534"]
[PlyCount "47"]
[EventDate "2016.07.23"]
[EventType "swiss"]
[EventRounds "8"]
[EventCountry "CAN"]

1. d4 d5 2. e3 Nf6 3. Bd3 e6 4. f4 c5 5. c3 Nc6 6. Nf3 Qa5 7. O-O Be7 8. Ne5 g6
9. Nd2 c4 10. Bc2 Nxe5 11. fxe5 Nh5 12. Qf3 Rf8 13. g4 Ng7 14. Qh3 h5 15. gxh5
Nxh5 16. Qg2 g5 17. Nf3 Qd8 18. e4 Rg8 19. Qg4 Ng7 20. Kh1 dxe4 21. Bxe4 Nf5
22. d5 exd5 23. Bxf5 Bxf5 24. Qxf5 1-0

[Event "Quebec op U1700"]
[Site "Montreal CAN"]
[Date "2016.07.27"]
[Round "6.52"]
[White "Blanchette, Rene"]
[Black "Langlois, Jean-Marie"]
[Result "1-0"]
[WhiteElo "1610"]
[BlackElo "1373"]
[PlyCount "71"]
[EventDate "2016.07.23"]
[EventType "swiss"]
[EventRounds "8"]
[EventCountry "CAN"]

1. Nf3 d5 2. b3 Nf6 3. Bb2 e6 4. e3 Be7 5. Be2 O-O 6. O-O b6 7. c4 Bb7 8. Qc2
h6 9. d3 Nbd7 10. Nbd2 c5 11. Rac1 Rc8 12. Rfd1 Qc7 13. Qb1 Qb8 14. Qa1 Bd6 15.
d4 cxd4 16. exd4 Ne4 17. Ne5 Nxe5 18. dxe5 Be7 19. Nxe4 dxe4 20. Rd7 Bc5 21. a3
Bc6 22. Rdd1 Qb7 23. b4 Be7 24. Bd4 Bg5 25. Be3 Bxe3 26. fxe3 Qc7 27. Rd6 Qe7
28. Qd4 Rcd8 29. c5 b5 30. Rd1 Rd7 31. Rxd7 Bxd7 32. Qxd7 Qxd7 33. Rxd7 a6 34.
a4 bxa4 35. Bxa6 Rb8 36. c6 1-0

[Event "Quebec op U1700"]
[Site "Montreal CAN"]
[Date "2016.07.27"]
[Round "6.53"]
[White "Germain, Max jr"]
[Black "Cloutier, Jean-Pierre"]
[Result "1-0"]
[WhiteElo "1411"]
[BlackElo "1637"]
[PlyCount "121"]
[EventDate "2016.07.23"]
[EventType "swiss"]
[EventRounds "8"]
[EventCountry "CAN"]

1. d4 g6 2. c4 Bg7 3. Nc3 c5 4. Nf3 cxd4 5. Nxd4 Nc6 6. e3 Nf6 7. a3 a5 8. Rb1
d6 9. Ndb5 O-O 10. Be2 Ne5 11. h3 Bf5 12. Ra1 Qc8 13. b3 Qc6 14. O-O Qc8 15.
Kh2 Rd8 16. Nd4 Bd7 17. Bb2 a4 18. f4 Nc6 19. Nd5 Nxd5 20. cxd5 Nxd4 21. Bxd4
Bxd4 22. Qxd4 Qc5 23. b4 Qxd4 24. exd4 Rac8 25. Rac1 h5 26. g4 hxg4 27. hxg4
Rxc1 28. Rxc1 Rc8 29. Rxc8+ Bxc8 30. Kg3 Bd7 31. Kf3 Kf8 32. Ke4 f5+ 33. gxf5
gxf5+ 34. Ke3 Ke8 35. Kd2 Kd8 36. b5 Kc7 37. Kc3 Kb6 38. Kb4 e5 39. dxe6 Bxe6
40. Kxa4 Kc7 41. Bf3 b6 42. d5 Bd7 43. Kb4 Kd8 44. a4 Kc7 45. Kc3 Kd8 46. Kd2
Bc8 47. Ke3 Bd7 48. Kf2 Bc8 49. Kg3 Ke7 50. Kh4 Kf6 51. Kh5 Bd7 52. Kh6 Bc8 53.
Kh7 Bd7 54. Kg8 Be6+ 55. Kf8 Bd7 56. Bh5 Bxb5 57. Be8 Bc4 58. Bc6 Kg6 59. Ke7
Kh5 60. Kxd6 Kg4 61. Kc7 1-0

[Event "Quebec op U1700"]
[Site "Montreal CAN"]
[Date "2016.07.27"]
[Round "6.53"]
[White "Tsanaclis, Albert"]
[Black "Zheng, Richard"]
[Result "0-1"]
[WhiteElo "1692"]
[BlackElo "1398"]
[PlyCount "106"]
[EventDate "2016.07.23"]
[EventType "swiss"]
[EventRounds "8"]
[EventCountry "CAN"]

1. e4 e5 2. Nf3 Nc6 3. Bc4 Bc5 4. c3 Nf6 5. d4 exd4 6. cxd4 Bb4+ 7. Bd2 Bxd2+
8. Nbxd2 d5 9. exd5 Nxd5 10. O-O O-O 11. Rc1 Nce7 12. Re1 Ng6 13. Nf1 Nf6 14.
Qb3 Nf4 15. Ng5 N6d5 16. Re5 c6 17. Bxd5 cxd5 18. Nf3 Be6 19. Ng3 Qd7 20. Rce1
Ng6 21. R5e3 b6 22. Ne5 Nxe5 23. Rxe5 Rfe8 24. Nh5 f6 25. Qg3 Bg4 26. Rxe8+
Rxe8 27. Rxe8+ Qxe8 28. Nxf6+ gxf6 29. Qxg4+ Kf8 30. Kf1 Qb5+ 31. Qe2 Qa4 32.
Qd2 Qxa2 33. Qb4+ Kf7 34. Ke1 Qb1+ 35. Ke2 Qe4+ 36. Kd2 Qxg2 37. Ke3 Qe4+ 38.
Kd2 Qf3 39. Ke1 Qh1+ 40. Ke2 Qxh2 41. Qb5 Qd6 42. Qd3 Qe6+ 43. Kd2 Qe4 44. Qc3
Qf4+ 45. Ke2 h5 46. Qd3 Qe4+ 47. Qxe4 dxe4 48. Ke3 f5 49. Kf4 Ke6 50. f3 exf3
51. Kxf3 Kd5 52. Ke3 f4+ 53. Kxf4 Kxd4 0-1

[Event "Quebec op U1700"]
[Site "Montreal CAN"]
[Date "2016.07.27"]
[Round "6.54"]
[White "Lima-Barbosa, Raphael"]
[Black "Perusse, Jacques"]
[Result "1-0"]
[WhiteElo "1663"]
[BlackElo "1522"]
[PlyCount "87"]
[EventDate "2016.07.23"]
[EventType "swiss"]
[EventRounds "8"]
[EventCountry "CAN"]

1. d4 e6 2. c4 Nf6 3. Nc3 d5 4. cxd5 exd5 5. Bg5 Bb4 6. e3 O-O 7. Bd3 Qd6 8.
Nge2 c6 9. O-O Nbd7 10. a3 Ba5 11. Bf4 Qe7 12. b4 Bd8 13. h3 Nh5 14. Bh2 g6 15.
b5 Nb6 16. bxc6 bxc6 17. Na4 f5 18. Qc2 Bc7 19. Nc5 Bxh2+ 20. Kxh2 Qd6+ 21. g3
Nd7 22. Nb3 Ndf6 23. Rfc1 Bd7 24. Na5 Rac8 25. Qc5 Qe6 26. Qxa7 f4 27. Nxf4
Nxf4 28. exf4 Qxh3+ 29. Kg1 Bg4 30. Bf1 Qh5 31. Bg2 Bh3 32. f3 Qf5 33. Nxc6
Rxc6 34. Rxc6 Qd3 35. Rf1 Qe3+ 36. Kh2 Bf5 37. Rcc1 Qb3 38. Qc5 Qb8 39. Qb4 Qd8
40. Rfe1 Nh5 41. Qe7 Qb8 42. Rc7 g5 43. Qxg5+ Bg6 44. Qxd5+ 1-0

[Event "Quebec op U1700"]
[Site "Montreal CAN"]
[Date "2016.07.27"]
[Round "6.55"]
[White "Omichi, Haruaki"]
[Black "Piche, Guy"]
[Result "1-0"]
[WhiteElo "1360"]
[BlackElo "1649"]
[PlyCount "49"]
[EventDate "2016.07.23"]
[EventType "swiss"]
[EventRounds "8"]
[EventCountry "CAN"]

1. e4 d6 2. d4 Nf6 3. Nc3 Nbd7 4. Bc4 e5 5. Nf3 h6 6. O-O Be7 7. Qe2 c6 8. h3
O-O 9. Be3 b5 10. Bd3 Bb7 11. a3 a6 12. b4 Qc7 13. Rac1 exd4 14. Nxd4 Rfe8 15.
Nf5 c5 16. bxc5 dxc5 17. Qf3 Bf8 18. Bf4 Ne5 19. Qe3 g5 20. Bxg5 Neg4 21. hxg4
Nxg4 22. Qf4 Ne5 23. Bxh6 Kh7 24. Bxf8 Nf3+ 25. Qxf3 1-0

[Event "Quebec op U1700"]
[Site "Montreal CAN"]
[Date "2016.07.27"]
[Round "6.56"]
[White "Perreault, Jacques"]
[Black "Milosz, Jerzy"]
[Result "0-1"]
[WhiteElo "1389"]
[BlackElo "1590"]
[PlyCount "80"]
[EventDate "2016.07.23"]
[EventType "swiss"]
[EventRounds "8"]
[EventCountry "CAN"]

1. d3 c6 2. Nd2 Nf6 3. f4 d6 4. Ngf3 Nbd7 5. e4 e5 6. Nc4 b5 7. fxe5 bxc4 8.
exf6 Nxf6 9. Bg5 h6 10. Bd2 cxd3 11. cxd3 Be7 12. Bc3 O-O 13. Be2 Ng4 14. Qd2
Bf6 15. d4 Bg5 16. Nxg5 Qxg5 17. Qxg5 hxg5 18. O-O Nh6 19. h3 Be6 20. b3 d5 21.
Bd3 f5 22. e5 f4 23. Bb4 Rf7 24. Bg6 Rb7 25. Bd6 Bf5 26. Bh5 g6 27. Be2 Nf7 28.
Bc5 Nd8 29. Ba6 Rh7 30. Rf3 Ne6 31. b4 g4 32. hxg4 Bxg4 33. Rc3 Ng5 34. Bd6 f3
35. Bd3 fxg2 36. Kxg2 Bf3+ 37. Kf2 Be4 38. e6 Bxd3 39. Rxd3 Ne4+ 40. Kg2 Nxd6
0-1

[Event "Quebec op U1700"]
[Site "Montreal CAN"]
[Date "2016.07.27"]
[Round "6.57"]
[White "Sonn, Eric"]
[Black "Houle, Sebastien"]
[Result "1/2-1/2"]
[WhiteElo "1506"]
[BlackElo "1492"]
[PlyCount "100"]
[EventDate "2016.07.23"]
[EventType "swiss"]
[EventRounds "8"]
[EventCountry "CAN"]

1. e4 d5 2. exd5 Qxd5 3. Nf3 Nf6 4. d4 Bg4 5. Be2 e6 6. O-O Nc6 7. c4 Qf5 8.
Nc3 O-O-O 9. Be3 Bd6 10. Nb5 Bf4 11. Qb3 a6 12. Na3 Bxe3 13. fxe3 Qg6 14. Bd3
Qh6 15. Rae1 Rhf8 16. Nc2 Nh5 17. Qa3 Bxf3 18. Rxf3 f5 19. b4 g5 20. b5 axb5
21. cxb5 Nb8 22. Nb4 Rf7 23. Na6 Qf8 24. Qxf8 Rdxf8 25. Nc5 Ng7 26. Bc4 Re7 27.
g4 b6 28. Nd3 h5 29. gxh5 g4 30. Rf2 Nxh5 31. Nf4 Nxf4 32. Rxf4 Nd7 33. e4 Kd8
34. exf5 Rxf5 35. Rxg4 e5 36. Rg8+ Re8 37. Rxe8+ Kxe8 38. Kg2 Rf4 39. Bd5 Rxd4
40. Bc6 Kf7 41. Bxd7 Rxd7 42. Rxe5 Rd2+ 43. Kg3 Rxa2 44. Rf5+ Kg7 45. h4 Rd2
46. Kf4 Rd6 47. Ke5 Rh6 48. Rg5+ Kf7 49. h5 c5 50. bxc6 Rxc6 1/2-1/2

[Event "Quebec op U1700"]
[Site "Montreal CAN"]
[Date "2016.07.27"]
[Round "6.59"]
[White "Moreau, Michel"]
[Black "Yu, Xi Ming"]
[Result "1/2-1/2"]
[WhiteElo "1428"]
[BlackElo "1492"]
[PlyCount "45"]
[EventDate "2016.07.23"]
[EventType "swiss"]
[EventRounds "8"]
[EventCountry "CAN"]

1. d4 d5 2. Bf4 Nf6 3. e3 e6 4. Nd2 c5 5. c3 Nc6 6. Bd3 Be7 7. h3 a6 8. Ngf3 b5
9. O-O Bb7 10. Re1 Rc8 11. Bh2 h6 12. a3 c4 13. Bc2 Bd6 14. Bxd6 Qxd6 15. e4
dxe4 16. Nxe4 Nxe4 17. Bxe4 O-O 18. Qe2 Rfd8 19. Rad1 Na5 20. Bxb7 Nxb7 21. Ne5
Rc7 22. Qf3 Qd5 23. Qxd5 1/2-1/2

[Event "Quebec op U1700"]
[Site "Montreal CAN"]
[Date "2016.07.27"]
[Round "6.60"]
[White "Stoyanova, Stela"]
[Black "Bergeron, Jean-Guy"]
[Result "1-0"]
[WhiteElo "1474"]
[BlackElo "1453"]
[PlyCount "68"]
[EventDate "2016.07.23"]
[EventType "swiss"]
[EventRounds "8"]
[EventCountry "CAN"]

1. e4 Nc6 2. Nf3 d5 3. exd5 Qxd5 4. Nc3 Qh5 5. d4 Bg4 6. Be2 O-O-O 7. Be3 e5 8.
Ng5 Nh6 9. Bxg4+ Nxg4 10. Nxf7 Rd7 11. Nxh8 exd4 12. Qf3 dxe3 13. fxe3 Bc5 14.
Rd1 Nce5 15. Qe2 Bxe3 16. Rxd7 Nxd7 17. Rf1 Ndf6 18. Qf3 Qh4+ 19. Qg3 Qg5 20.
Nf7 Qg6 21. h3 Qxc2 22. Nd6+ Kd7 23. Rxf6 Qd2+ 24. Kf1 Nh2+ 25. Qxh2 gxf6 26.
Nde4 Qd3+ 27. Ke1 Bc1 28. g4 Qe3+ 29. Qe2 Qg1+ 30. Qf1 Qe3+ 31. Kd1 Bxb2 32.
Kc2 Qb6 33. Qd1+ Kc8 34. Qb1 Qa5 1-0

[Event "Quebec op U1700"]
[Site "Montreal CAN"]
[Date "2016.07.27"]
[Round "6.61"]
[White "Bureau, Robert"]
[Black "Tremblay, Mario"]
[Result "1-0"]
[WhiteElo "1445"]
[BlackElo "1631"]
[Annotator ",Microsoft"]
[PlyCount "33"]
[EventDate "2016.07.23"]
[EventType "swiss"]
[EventRounds "8"]
[EventCountry "CAN"]

1. e4 e5 2. Nf3 Nc6 3. Bc4 Nf6 4. d4 exd4 5. O-O Nxe4 6. Re1 d5 7. Bxd5 Qxd5 8.
Nc3 Qh5 9. Nxe4 Be6 10. Neg5 O-O-O 11. Nxe6 fxe6 12. Rxe6 Bd6 13. h3 Ne5 14. b3
Qf5 15. Nxd4 Bc5 16. Nxf5 Rxd1+ 17. Kh2 {etc.} 1-0

[Event "Quebec op U1700"]
[Site "Montreal CAN"]
[Date "2016.07.27"]
[Round "6.62"]
[White "Charette, Nicolas"]
[Black "Legault, Simon"]
[Result "1-0"]
[WhiteElo "1538"]
[BlackElo "1399"]
[PlyCount "59"]
[EventDate "2016.07.23"]
[EventType "swiss"]
[EventRounds "8"]
[EventCountry "CAN"]

1. d4 Nf6 2. c4 e6 3. Nc3 Bb4 4. Qc2 b6 5. e4 Bxc3+ 6. bxc3 O-O 7. Bd3 Bb7 8.
Nf3 d5 9. cxd5 exd5 10. e5 Re8 11. O-O Ne4 12. Re1 f5 13. Nd2 Qh4 14. g3 Qh3
15. Nf3 h6 16. Nh4 g5 17. Bf1 Qg4 18. h3 Qh5 19. Nxf5 Rf8 20. g4 Qg6 21. Ne7+
Kg7 22. Nxg6 Rxf2 23. Re2 Rxf1+ 24. Kxf1 Kxg6 25. c4 Kg7 26. cxd5 Ng3+ 27. Ke1
Nxe2 28. Qxc7+ Nd7 29. Qxd7+ Kg6 30. Qxb7 1-0

[Event "Quebec op U1700"]
[Site "Montreal CAN"]
[Date "2016.07.27"]
[Round "6.63"]
[White "Cholette, Mario"]
[Black "Duplessis, Claude"]
[Result "1-0"]
[WhiteElo "1432"]
[BlackElo "1516"]
[PlyCount "55"]
[EventDate "2016.07.23"]
[EventType "swiss"]
[EventRounds "8"]
[EventCountry "CAN"]

1. e4 e5 2. Nf3 Nc6 3. Bb5 a6 4. Ba4 Nf6 5. O-O Be7 6. Re1 b5 7. Bb3 O-O 8. a4
Bb7 9. d3 Re8 10. Nbd2 Bc5 11. g3 d5 12. exd5 Nxd5 13. Ne4 Bb6 14. Bg5 f6 15.
Bh4 Kh8 16. Bxd5 Qxd5 17. Bxf6 Rf8 18. Bh4 Nd4 19. Nxd4 exd4 20. Qg4 c5 21.
axb5 axb5 22. Rxa8 Bxa8 23. f3 Bb7 24. Qg5 Qd7 25. Qe7 Rf7 26. Qxd7 Rxd7 27.
Nxc5 g5 28. Nxd7 1-0

[Event "Quebec op U1700"]
[Site "Montreal CAN"]
[Date "2016.07.27"]
[Round "6.64"]
[White "Dion, Yves"]
[Black "Shahabi, Shahab"]
[Result "0-1"]
[WhiteElo "1431"]
[BlackElo "1516"]
[PlyCount "94"]
[EventDate "2016.07.23"]
[EventType "swiss"]
[EventRounds "8"]
[EventCountry "CAN"]

1. b3 c5 2. Bb2 b6 3. e3 Nf6 4. Nf3 Bb7 5. Be2 g6 6. d3 Bg7 7. O-O Qc7 8. Nbd2
O-O 9. Rb1 d5 10. d4 Nbd7 11. c4 Rad8 12. Qc2 Rfe8 13. Rfe1 e6 14. Ne5 cxd4 15.
exd4 Nxe5 16. dxe5 Nd7 17. f4 Qc5+ 18. Kh1 Qe3 19. Nf3 Qxf4 20. Bc1 Qg4 21. Bg5
Rc8 22. h3 Qh5 23. Qd2 h6 24. Bf4 g5 25. Nxg5 Qg6 26. Bd3 f5 27. exf6 Qxf6 28.
Nh7 Qh4 29. Kh2 e5 30. g3 Qd8 31. Bxh6 e4 32. Bxg7 Kxg7 33. Bxe4 dxe4 34. Ng5
Nf6 35. Qf4 Qd3 36. Rbd1 Qc3 37. Re2 e3 38. Qd6 Qe5 39. h4 Qxd6 40. Rxd6 Re7
41. Rd3 Kg6 42. Rdxe3 Ng4+ 43. Kh3 Nxe3 44. Rd2 Rce8 45. Rd6+ Kg7 46. h5 Bc8+
47. Kh4 Ng2# 0-1

[Event "Quebec op U1700"]
[Site "Montreal CAN"]
[Date "2016.07.27"]
[Round "6.65"]
[White "Wang, Isabelle"]
[Black "Richard, Leo"]
[Result "0-1"]
[WhiteElo "1335"]
[BlackElo "1475"]
[PlyCount "46"]
[EventDate "2016.07.23"]
[EventType "swiss"]
[EventRounds "8"]
[EventCountry "CAN"]

1. e4 c5 2. Nf3 Nc6 3. d4 cxd4 4. Nxd4 g6 5. Nc3 Bg7 6. Be3 Nf6 7. f3 O-O 8.
Qd2 d5 9. exd5 Nxd5 10. Nxd5 Qxd5 11. O-O-O Qxa2 12. c3 Nxd4 13. Bxd4 Be6 14.
Qf2 Bb3 15. Rd3 Qa1+ 16. Kd2 Qxb2+ 17. Ke1 Qc1+ 18. Ke2 Bc4 19. Qe3 Qxe3+ 20.
Kxe3 Bxd3 21. Bxd3 e5 22. Bc5 Rfc8 23. Bb4 a5 0-1

[Event "Quebec op U1700"]
[Site "Montreal CAN"]
[Date "2016.07.27"]
[Round "6.66"]
[White "Chira, Dan"]
[Black "Nanescu, Marin"]
[Result "1-0"]
[WhiteElo "1447"]
[BlackElo "1403"]
[PlyCount "123"]
[EventDate "2016.07.23"]
[EventType "swiss"]
[EventRounds "8"]
[EventCountry "CAN"]

1. e4 c5 2. Nf3 Nc6 3. Bc4 h6 4. O-O d6 5. d4 cxd4 6. Nxd4 Bd7 7. Re1 Nf6 8.
Nc3 g6 9. Nf3 Bg7 10. Bf4 O-O 11. Qd2 Kh7 12. Rad1 Bg4 13. Be2 Nh5 14. Be3 a6
15. h3 Be6 16. Nd4 Nf6 17. Nxe6 fxe6 18. f3 Qc7 19. a3 Rad8 20. Qc1 Ne5 21. f4
Nc4 22. Bf2 e5 23. b3 Nb6 24. fxe5 dxe5 25. a4 Nbd7 26. Bc4 Nb6 27. Rxd8 Rxd8
28. Bd3 Nc8 29. Qb2 Nb6 30. a5 Nc8 31. b4 e6 32. b5 axb5 33. Nxb5 Qe7 34. Rb1
Rd7 35. Qb3 Qf7 36. Qc4 Nd6 37. Nxd6 Rxd6 38. Qc8 Rd7 39. Bb6 Ne8 40. Qc4 Bf8
41. Qa4 Nd6 42. a6 bxa6 43. Qxa6 h5 44. Qa8 Kg7 45. Qb8 Rb7 46. Qa8 Rd7 47. Qa2
Rb7 48. Be3 Rxb1+ 49. Qxb1 Qc7 50. Qc1 Nf7 51. Qd2 Kh7 52. Qf2 Kg7 53. Bb6 Qd7
54. Kh2 Qc6 55. c4 Be7 56. c5 Bf8 57. Qc2 Be7 58. Qc4 Nd6 59. Qb4 Nc8 60. Bb5
Qxb6 61. cxb6 Bxb4 62. b7 1-0

[Event "Quebec op U1700"]
[Site "Montreal CAN"]
[Date "2016.07.27"]
[Round "6.68"]
[White "Kuleshova, Julia"]
[Black "Grenier, Marcel"]
[Result "1-0"]
[WhiteElo "1553"]
[BlackElo "1528"]
[PlyCount "89"]
[EventDate "2016.07.23"]
[EventType "swiss"]
[EventRounds "8"]
[EventCountry "CAN"]

1. e4 e5 2. Nf3 Nc6 3. Bb5 a6 4. Ba4 Nf6 5. d3 b5 6. Bb3 Be7 7. O-O d6 8. c3
O-O 9. h3 h6 10. Nbd2 Na5 11. Bc2 c5 12. Re1 Nc6 13. Nf1 Re8 14. Ng3 Bf8 15.
Nh2 Qc7 16. Ng4 Nxg4 17. hxg4 g5 18. Nf5 Bxf5 19. gxf5 f6 20. g3 b4 21. f4 Re7
22. Bb3+ Kh8 23. Re2 Ra7 24. Rh2 Rh7 25. Be3 Qg7 26. Rg2 a5 27. Bd5 Qc7 28. Qh5
Ne7 29. Be6 Ng8 30. Rc1 Qd8 31. d4 Rag7 32. cxb4 gxf4 33. gxf4 axb4 34. dxc5
Rxg2+ 35. Kxg2 dxc5 36. Rd1 Qa8 37. Bd5 Qb8 38. Rc1 Qc7 39. Qe8 Rg7+ 40. Kf3
Qe7 41. Qxe7 Bxe7 42. Bxc5 Bxc5 43. Rxc5 h5 44. fxe5 fxe5 45. Rc8 1-0

[Event "Quebec op U1700"]
[Site "Montreal CAN"]
[Date "2016.07.27"]
[Round "6.69"]
[White "Burnuk, Arno"]
[Black "Frangakis, Evan"]
[Result "1-0"]
[WhiteElo "1378"]
[BlackElo "1575"]
[PlyCount "47"]
[EventDate "2016.07.23"]
[EventType "swiss"]
[EventRounds "8"]
[EventCountry "CAN"]

1. d4 Nf6 2. c4 e6 3. Nc3 d5 4. Nf3 c6 5. Bg5 Nbd7 6. e3 Qa5 7. Bxf6 Nxf6 8.
Bd3 dxc4 9. Bxc4 Ne4 10. Qb3 Nxc3 11. bxc3 b5 12. Be2 a6 13. O-O Bd6 14. Rfd1
O-O 15. Ne5 Bb7 16. Bf3 Qc7 17. Rd2 Bxe5 18. dxe5 Rfd8 19. Rad1 Rxd2 20. Rxd2
Qxe5 21. Rd7 Rb8 22. Qb4 Qf6 23. Qd6 e5 24. Qxb8+ 1-0

[Event "Quebec op U1700"]
[Site "Montreal CAN"]
[Date "2016.07.27"]
[Round "6.70"]
[White "Chang, Alexander"]
[Black "Bond, Yvon"]
[Result "1-0"]
[WhiteElo "1396"]
[BlackElo "1343"]
[PlyCount "73"]
[EventDate "2016.07.23"]
[EventType "swiss"]
[EventRounds "8"]
[EventCountry "CAN"]

1. e4 d6 2. Nf3 Nf6 3. Nc3 e5 4. Bc4 Bg4 5. O-O Be7 6. Be2 Nc6 7. d3 O-O 8. Be3
Qd7 9. Nd2 Be6 10. f4 exf4 11. Bxf4 Nd4 12. Be3 Nxe2+ 13. Nxe2 Ng4 14. Bd4 c5
15. Bf2 Nxf2 16. Rxf2 f6 17. Nf4 Bf7 18. Nf1 Bd8 19. Ne3 Rc8 20. c4 b5 21. b3
Ba5 22. Rc1 a6 23. Nf5 Be6 24. Nxe6 Qxe6 25. Qg4 Kf7 26. Qxg7+ Ke8 27. Qxh7 Rc7
28. Ng7+ Rxg7 29. Qxg7 Bd8 30. Qb7 Rh8 31. Rf5 Qg8 32. Qc6+ Ke7 33. Rcf1 Rh6
34. e5 dxe5 35. Rxe5+ Kf7 36. Qe6+ Kg7 37. Qxg8+ 1-0

[Event "Quebec op U1700"]
[Site "Montreal CAN"]
[Date "2016.07.28"]
[Round "7.1"]
[White "Morin, Maxime"]
[Black "Yu, Daniel-Tianqi"]
[Result "1-0"]
[WhiteElo "1583"]
[BlackElo "1639"]
[PlyCount "55"]
[EventDate "2016.07.23"]
[EventType "swiss"]
[EventRounds "8"]
[EventCountry "CAN"]

1. e4 c5 2. Nf3 Nc6 3. Bb5 d6 4. Bxc6+ bxc6 5. O-O g6 6. c3 Bg7 7. Re1 e5 8. d4
cxd4 9. cxd4 Bg4 10. Qa4 Ne7 11. Nbd2 exd4 12. Nxd4 Bd7 13. N4f3 O-O 14. Qc2 f5
15. e5 dxe5 16. Nxe5 Bxe5 17. Rxe5 Nd5 18. Nf3 f4 19. b3 Rc8 20. Bb2 Bf5 21.
Qc5 Qb6 22. Rxd5 cxd5 23. Qxd5+ Be6 24. Qe5 Kf7 25. Ng5+ Ke8 26. Nxe6 Rf5 27.
Ng7+ Kf7 28. Nxf5 1-0